| 000 | 01152cad a22002295a 4500 | ||
|---|---|---|---|
| 001 | L143462 | ||
| 008 | 080513e20080423xxk f 000 0 eng d | ||
| 035 | _a(Sirsi) u143462 | ||
| 041 | 0 | _aeng | |
| 050 | 0 | 4 | _a364.163 $2 18 |
| 110 | 2 |
_aRoyal Institution of Chartered Surveyors _94900 |
|
| 245 | 0 | 0 |
_aFraud response plan _h[electronic resource] |
| 260 |
_aLondon _bRICS _c2008 |
||
| 520 | _aProvides prescriptive guidance on how surveyors can protect themselves and their businesses from mortgage fraud. Considers how to prevent fraud using the definitions now available in the Fraud Act 2006. Recommends a working culture which includes a clear anti-fraud message and measures including deterrence and prevention. Outlines the basic steps which need to be taken. | ||
| 521 | 2 | _aAdvanced | |
| 590 | _aKA | ||
| 650 | 2 | 4 | _aFRAUD ACT 2006 |
| 651 | 4 |
_aUnited Kingdom _y |
|
| 690 | _aPROPERTY-RESIDENTIAL PROPERTY-RESIDENTIAL PROPERTY FINANCE AND INVESTMENT-MORTGAGING RESIDENTIAL PROPERTY | ||
| 856 | 4 | 0 |
_uhttps://www.rics.org/site/scripts/documents_info.aspx?documentID=566 _zMembers can view the item free of charge at www.rics.org... |
| 942 | _n0 | ||
| 999 |
_c108161 _d108161 |
||